banner koha

Piperaceae do Nordeste brasileiro I: estado do Ceará (Registro n. 327979)

MARC details
000 -LÍDER
fixed length control field 03144nab a2200277 i 4500
003 - CÓDIGO MARC DA AGÊNCIA CATALOGADORA
Campo de controle BR-BrBNA
005 - DATA E HORA DA ÚLTIMA ATUALIZAÇÃO
Campo de controle 20241007161655.0
008 - CAMPO DE TAMANHO FIXO
fixed length control field 241007b2004 bl.qr|pooa||| 00| 0 por |
040 ## - FONTE DA CATALOGAÇÃO
Agência catalogadora BR-BrBNA
Idioma da catalogação por
072 ## - CATEGORIA AGRIS
Código AGRIS F70
100 ## - ENTRADA PRINCIPAL - NOME PESSOAL
Nome pessoal Guimarães, Elsie Franklin
100 ## - ENTRADA PRINCIPAL - NOME PESSOAL
Nome pessoal Giordano, Luiz Carlos da Silva
245 ## - TÍTULO PRINCIPAL
Título principal Piperaceae do Nordeste brasileiro I: estado do Ceará
500 ## - NOTA GERAL
Nota geral Publicação on-line; Bibliography p. 43-46 (61 ref.); 5 illus.; Summaries (En, Pt)
942 ## - ADDED ENTRY ELEMENTS (KOHA)
Koha item type Analítica
520 ## - NOTA DE RESUMO
Nota de conteúdo <br/><br/>RESUMO<br/><br/>Este trabalho trata das espécies de Piperaceae representadas no estado do Ceará, Brasil,<br/>com interesse assentado no conhecimento taxonômico, como também no seu valor medicinal. O<br/>tratamento taxonômico compreende descrições, chaves para identificação dos táxons e distribuição<br/>geográfica com base no exame de exsicatas de herbários, incluindo tipos. Comentários sobre<br/>utilidades e dados ambientais são atribuídos a algumas espécies. Para o Ceará, segundo o material<br/>examinado, são assinalados 4 gêneros, separados principalmente pelo hábito e pela disposição das<br/>inflorescências, constantes de 35 taxa que se distinguem pelos padrões de nervação foliar, bractéolas<br/>florais e frutos. Os indivíduos destes táxons ocorrem nas áreas úmidas das serras de Baturité,<br/>Maranguape, Aratanha e Machado; a maioria apresenta distribuição ampla, enquanto que Piper<br/>rufipilum Yunck. é espécie endêmica da Chapada do Araripe e Ottonia leptostachia Kunth<br/>constituiu-se em uma nova localidade.<br/><br/>Palavras-chaves: Piperaceae/Taxonomia/Flora/Ceará/Medicinais.
520 ## - NOTA DE RESUMO
Nota de conteúdo <br/><br/>ABSTRACT<br/><br/>The subject of this paper is the Piperaceae species which occur in the state of Ceará, Brazil,<br/>with special attention paid to their taxonomy, as well as the medicinal value. The taxonomic treatment<br/>used in this study were the following in the examination of dissected dried herbarium specimens<br/>including types, descriptions, keys for identification of taxa and geographical distribution. Commentary<br/>on the use and ambiental data are presented for some taxa. The State of Ceará denote in the<br/>material examined 4 genera, differentiated by habitat and arrangement of inflorescence, in 35 taxa<br/>which are distinguishable by their patterns of foliar nervation, floral bracteoles and fruits. The<br/>individuals these taxa occur in the humid regions of the mountains of Baturité, Maranguape, Aratanha<br/>and Machado; where the majority of them are widely distributed, whereas Piper rufipilum Yunck.<br/>is only found in Chapada do Araripe and Ottonia leptostachia Kunth is found in yet another area.<br/><br/>Key-words: Piperaceae/Taxonomy/Flora/Ceará/Medicinal
650 ## - ASSUNTO - THESAGRO
Cabeçalho tópico ou nome geográfico PIPERACEAE
650 ## - ASSUNTO - THESAGRO
Cabeçalho tópico ou nome geográfico TAXONOMIA
650 ## - ASSUNTO - THESAGRO
Cabeçalho tópico ou nome geográfico FLORA
650 ## - ASSUNTO - THESAGRO
Cabeçalho tópico ou nome geográfico PLANTA MEDICINAL
650 ## - ASSUNTO - THESAGRO
Cabeçalho tópico ou nome geográfico CEARÁ
773 0# - ENTRADA ANALÍTICA
Host Biblionumber 709
Registro do item 345133
Imprenta Rio de Janeiro-RJ Jardim Botanico do Rio de Janeiro 1935
Outro identificador 2024-5590
Título Rodriguésia (Brazil)
ISSN 0370-6583; 2175-7860 on-line
Colação v. 55(84) p. 21-46; (2004)
Número de controle de registro BR2024003204
856 ## - ACESSO E ENDEREÇO ELETRÔNICO
Identificador uniforme de recurso - URI https://www.scielo.br/j/rod/a/5zYPzJyxJQJQ5mhrRK8wC5J/?format=pdf&lang=pt

Nenhum exemplar disponível.

BINAGRI

Telefone: (61)3218-2567/2388/3357/2097 - binagri@agro.gov.br

Ministério da Agricultura e Pecuária , Esplanada dos Ministérios, Bloco D, Anexo B, Brasília/DF, CEP: 70.043-900